Statistics for Hunger games quiz for people who are obsessed. (Like me)

Click here to take the quiz!

General Stats

  • This quiz has been taken 92 times
  • The average score is 19 of 25

Answer Stats

HintAnswer% Correct
Effie always says this at the reapingLadies first!
90%
Katniss' hunting partner's full nameGale Hawthorne
87%
In the book, who gives katniss the Mockingjay pin?Madge
87%
Katniss' first gift from a sponsorBurn ointment
85%
Peeta's favorite colorOrange
85%
What is Johanna Mason's weapon of choice?Axe
83%
Who does Katniss first kill or assist in killing in the 74th
hunger games arena?
Glimmer
83%
Who plays Katniss in the hunger games?Jennifer Lawrence
83%
What is katniss' favorite meal from the Capitol?Lamb stew
83%
First word of "the hanging tree"Are
81%
Katniss' favorite colorGreen
81%
Prim's goatLady
81%
What does Haymitch write on the note that comes with
the pot of broth for Katniss and Peeta in the cave?
Call that a kiss?
79%
Gale's mumHazelle
79%
Effie's last nameTrinket
79%
What part of his body does Peeta cut in the elevator after
the interviews?
Hand
75%
Peeta says his favorite orange is like what?Sunset
75%
Boy from district 6 in 74th annual hunger gamesJason
73%
Who is the first person to grab their pack from the feast in
the 74th hunger games?
Foxface
71%
What weapon does Thresh kill Clove with?Rock
69%
What is the last name of the hunger games announcer?Templesmith
67%
What district produces Luxuries?1
65%
How many arrows does Katniss allow herself to use
while blowing up the careers supply pyramid?
3
60%
When Katniss questions Peeta about his favorite color,
what does she say orange is like?
Effie's hair
58%
How many weeks does the 74th hunger games last?2
56%

Score Distribution

Percentile by Number Answered

Percent of People with Each Score

Your Score History

You have not taken this quiz